|
|
|
|
| LEADER |
00000ntm a22000007u 4500 |
| 001 |
zp23531 |
| 041 |
|
|
|a cze
|
| 100 |
1 |
|
|a Kábelová, Vladimíra
|4 dis
|
| 245 |
1 |
0 |
|a Úskalí stáří a stárnutí z pohledu sociální práce
|
| 246 |
|
|
|a Difficulties of Old Age and Aging from the Point of View of Social Work
|
| 260 |
|
|
|c 2012
|
| 300 |
|
|
|a 63 s.
|
| 500 |
|
|
|a Studijní obor: Sociální pedagogika
|
| 500 |
|
|
|a Studijní obor: Social pedagogy
|
| 500 |
|
|
|a Ústav: Katedra pedagogiky
|
| 500 |
|
|
|a Univerzita Tomáše Bati ve Zlíně. Fakulta humanitních studií
|
| 500 |
|
|
|a Tomas Bata University in Zlín. Faculty of Humanities
|
| 506 |
|
|
|a Bez omezení
|
| 653 |
|
|
|a stáří
|
| 653 |
|
|
|a stárnutí
|
| 653 |
|
|
|a senior
|
| 653 |
|
|
|a klient
|
| 653 |
|
|
|a sociální služby
|
| 653 |
|
|
|a nové trendy
|
| 653 |
|
|
|a age
|
| 653 |
|
|
|a aging
|
| 653 |
|
|
|a client
|
| 653 |
|
|
|a social services
|
| 653 |
|
|
|a new trends
|
| 655 |
|
4 |
|a bakalářská práce
|
| 700 |
1 |
|
|a Zvonařová, Marcela
|4 ths
|
| 710 |
2 |
|
|a Univerzita Tomáše Bati ve Zlíně. Fakulta humanitních studií
|4 dgg
|
| 710 |
2 |
|
|a Tomas Bata University in Zlín. Faculty of Humanities
|4 dgg
|
| 856 |
4 |
0 |
|u http://hdl.handle.net/10563/19667
|y Plný text v Digitální knihovně UTB
|